000 00537nam a2200181 i 4500
001 132446
003 ES-MaACL
005 20250807071935.0
007 t|
008 070214s1928 sp r ||||1| spa d
100 1 _aRomero Landa, Gabriel Arturo.
_999401
245 1 0 _aFilosofĂ­a felicista
_b: el creador de felicidad /
_cGabriel Romero Landa.
260 _aMadrid :
_bAntonio Marzo,
_c1928.
300 _a182 p. ;
_c16 cm.
650 0 7 _aFelicidad
_2embne
_912743
852 _aES-MaACL
_jB-6761
999 _c132446
_d132446